Nghiệp vụ hướng dẫn du lịch

Guardat en:
Dades bibliogràfiques
Autor principal: Đinh Trung Kiên
Format: Llibre
Idioma:Undetermined
Publicat: Hà Nội ĐHQG 2001
Matèries:
Etiquetes: Afegir etiqueta
Sense etiquetes, Sigues el primer a etiquetar aquest registre!
Thư viện lưu trữ: Trung tâm Học liệu Trường Đại học Cần Thơ
LEADER 00473nam a2200169Ia 4500
001 CTU_48397
008 210402s9999 xx 000 0 und d
082 |a 338.4791 
082 |b K305 
100 |a Đinh Trung Kiên 
245 0 |a Nghiệp vụ hướng dẫn du lịch 
245 0 |c ĐINH TRUNG KIÊN 
260 |a Hà Nội 
260 |b ĐHQG 
260 |c 2001 
650 |a tour guide ( persons ) 
980 |a Trung tâm Học liệu Trường Đại học Cần Thơ